Online Catalogue and eLibrary

Buddism and culture (Record no. 1366)

MARC details
000 -LEADER
fixed length control field 00452nam a2200181Ia 4500
005 - DATE AND TIME OF LATEST TRANSACTION
control field 20240730051705.0
008 - FIXED-LENGTH DATA ELEMENTS--GENERAL INFORMATION
fixed length control field 240331s9999 xx 000 0 und d
082 ## - DDC Classification
Item Number - Author Mark WIC
Class No. 294
100 ## - MAIN ENTRY--PERSONAL NAME
Personal name Wickremasinghe, M
245 #0 - TITLE STATEMENT
Title Buddism and culture
Statement of responsibility, etc. Martin, Wickramasinghe
260 ## - PUBLICATION, DISTRIBUTION, ETC.
Place of publication, distribution, etc. Ceylon
Name of publisher, distributor, etc. Tisara Poth Prakasakayo
Date of publication, distribution, etc. 1964
300 ## - PHYSICAL DESCRIPTION
Extent (e.g. Volumes, Pages etc.) 202 p .,
650 ## - SUBJECT ADDED ENTRY--TOPICAL TERM
Topical term or geographic name entry element Buddhism
650 ## - SUBJECT ADDED ENTRY--TOPICAL TERM
Topical term or geographic name entry element Culture
650 ## - SUBJECT ADDED ENTRY--TOPICAL TERM
Topical term or geographic name entry element Psychology
650 ## - SUBJECT ADDED ENTRY--TOPICAL TERM
Topical term or geographic name entry element Politics
942 ## - Koha item type (Biblio)
Koha item type Books in Stacks (Lending)
Holdings
Lost status Damaged status Collection code Home library Current library Shelving location Date acquired Full call number Accession Number Item type
    Lending WERC Library WERC Library Social Science Cupboard 03/31/2024 294 WIC 5570 Books in Stacks (Lending)

© WERC Library